| 000 | 01226cam a2200265 a 4500 | ||
|---|---|---|---|
| 001 | 11214 | ||
| 003 | IN-BhIIT | ||
| 005 | 20250911181616.0 | ||
| 008 | 040910s2005 enka b 001 0 eng | ||
| 020 | _a9780521540674 (pbk.) | ||
| 040 | _aIN-BhIIT | ||
| 041 | _aeng | ||
| 082 | 0 | 0 |
_a346.73048 _bBLA/I |
| 100 | 1 |
_aBlair, Roger D. _eAuthor _926386 |
|
| 245 | 1 | 0 |
_aIntellectual property : _beconomic and legal dimensions of rights and remedies / _cRoger D. Blair, Thomas F. Cotter. |
| 260 |
_aCambridge ; _aNew York : _bCambridge University Press, _c2005. |
||
| 300 |
_aix, 304 p. : _bill. ; _c24 cm. |
||
| 504 | _aIncludes bibliographical references (p. 267-283) and index. | ||
| 505 | 0 | _aIntroduction -- The law and economics of IPRs -- A general theory of damages rules -- Departures from the general theory -- Liability standards for IPRs -- Who is an infringer? -- Who should be entitled to sue for infringement? -- Calculating monetary damages -- Concluding remarks. | |
| 650 | 0 |
_aIntellectual property _zUnited States. _926387 |
|
| 650 | 0 |
_aIntellectual property _xEconomic aspects. _925456 |
|
| 650 | 0 |
_aIntellectual property infringement _zUnited States. _926388 |
|
| 700 | 1 |
_aCotter, Thomas F., _926389 |
|
| 942 | _cTRB | ||
| 999 |
_c14694 _d14694 |
||